El tesoro de Fermín Minar / (Registro nro. 8554)

Detalles MARC
000 -LEADER
fixed length control field 01211nam a22003857a 4500
001 - CONTROL NUMBER
control field 00260
003 - CONTROL NUMBER IDENTIFIER
control field DO-SdBNP
005 - DATE AND TIME OF LATEST TRANSACTION
control field 20180205145455.0
007 - PHYSICAL DESCRIPTION FIXED FIELD--GENERAL INFORMATION
fixed length control field 00260
008 - FIXED-LENGTH DATA ELEMENTS--GENERAL INFORMATION
fixed length control field 151105b 1992 sp |||| 00| 0 spa d
020 ## - INTERNATIONAL STANDARD BOOK NUMBER
International Standard Book Number 8420748056
040 1# - CATALOGING SOURCE
Original cataloging agency BPMSU
Language of cataloging spa
Transcribing agency BPMSU
082 ## - DEWEY DECIMAL CLASSIFICATION NUMBER
Classification number 892
Item number M394t
092 ## - LOCALLY ASSIGNED DEWEY CALL NUMBER (OCLC)
Classification number
Item number
100 1# - MAIN ENTRY--PERSONAL NAME
Personal name Mas, Dimas,
Dates associated with a name 1953-
245 10 - TITLE STATEMENT
Title El tesoro de Fermín Minar /
Remainder of title Dimas Mas ; apéndice y notas Mercedes Cernícharo y Javier Quiñones ; ilustración Andrés Guerrero.
260 ## - PUBLICATION, DISTRIBUTION, ETC. (IMPRINT)
Place of publication, distribution, etc. Madrid :
Name of publisher, distributor, etc. Grupo Anaya,
Date of publication, distribution, etc. 1992.
300 ## - PHYSICAL DESCRIPTION
Extent 399 p. :
Other physical details il. ;
Dimensions 21 cm.
490 1# - SERIES STATEMENT
Series statement Tus libros
Volume/sequential designation 123
490 1# - SERIES STATEMENT
Series statement Tu problemática
500 ## - GENERAL NOTE
General note Incluye referencias bibliográficas y notas al pie de las páginas.
504 ## - BIBLIOGRAPHY, ETC. NOTE
Bibliography, etc Bibliografía : p. 399
650 ## - SUBJECT ADDED ENTRY--TOPICAL TERM
Topical term or geographic name as entry element NOVELA MARROQUÍ
650 ## - SUBJECT ADDED ENTRY--TOPICAL TERM
Topical term or geographic name as entry element LITERATURA MARROQUÍ
650 ## - SUBJECT ADDED ENTRY--TOPICAL TERM
Topical term or geographic name as entry element HISTORIAS DE AVENTURAS
700 1# - ADDED ENTRY--PERSONAL NAME
Personal name Cernícharo, Mercedes
700 1# - ADDED ENTRY--PERSONAL NAME
Personal name Quiñones, Javier.
700 12 - ADDED ENTRY--PERSONAL NAME
Personal name Guerrero, Andrés,
Relator term il.
830 #0 - SERIES ADDED ENTRY--UNIFORM TITLE
Uniform title Tus libros ;
Volume number/sequential designation 123
830 #0 - SERIES ADDED ENTRY--UNIFORM TITLE
Uniform title Tu problemática
942 ## - ADDED ENTRY ELEMENTS (KOHA)
Source of classification or shelving scheme Dewey Decimal Classification
Koha item type Libros
945 ## - LOCAL PROCESSING INFORMATION (OCLC)
a Inventariado, 2018 /LP
956 ## - LOCAL ELECTRONIC LOCATION AND ACCESS (OCLC)
Host name LOPEREZ
Access number 10
Compression information 20180205
Processor of request 00041
956 ## - LOCAL ELECTRONIC LOCATION AND ACCESS (OCLC)
Host name VMATEO
Access number 10
Compression information 20161121
Path BPMSU
Electronic name 0069
Existencias
Withdrawn status Lost status Source of classification or shelving scheme Damaged status Not for loan Collection code Home library Current library Date acquired Source of acquisition Total Checkouts Full call number Barcode Date last seen Copy number Price effective from Koha item type
    Dewey Decimal Classification     Colección General Biblioteca Pública Metropolitana Salomé Ureña Biblioteca Pública Metropolitana Salomé Ureña 11/05/2015 Fundación Educativa y Cultural (FUNDI)   892 M394t BPMSU15110060 11/05/2015 11/05/2015 Libros